<?xml version="1.0" encoding="UTF-8"?>
<collection xmlns="http://www.loc.gov/MARC21/slim">
 <record>
  <leader>00954pamaa2200181   4500</leader>
  <controlfield tag="001">0000039920</controlfield>
  <controlfield tag="005">20110104090000.0</controlfield>
  <datafield tag="020" ind1="0" ind2="0">
   <subfield code="a">[ nil ] </subfield>
  </datafield>
  <datafield tag="090" ind1="0" ind2="0">
   <subfield code="a">QA76 </subfield>
   <subfield code="b">EKA 2004</subfield>
  </datafield>
  <datafield tag="100" ind1="1" ind2="0">
   <subfield code="a">EKAJATI WINARMO </subfield>
  </datafield>
  <datafield tag="245" ind1="1" ind2="2">
   <subfield code="a">A Study on J2ME Technology and to Develop an English Dictionary with Thesaurus Feature on a PDA  </subfield>
   <subfield code="c">Ekajati Winarmo.</subfield>
  </datafield>
  <datafield tag="248" ind1="1" ind2="0">
   <subfield code="b">A Study and Development of a Mathematics Guide for Tertiary level Education</subfield>
   <subfield code="c">Lo Melisa Susilo</subfield>
  </datafield>
  <datafield tag="260" ind1="0" ind2="0">
   <subfield code="a">Nilai: </subfield>
   <subfield code="b">INTI College Malaysia, </subfield>
   <subfield code="c">December 2004.</subfield>
  </datafield>
  <datafield tag="300" ind1=" " ind2=" ">
   <subfield code="a">Volume I, Number 1-2; </subfield>
   <subfield code="c">30 cm.</subfield>
  </datafield>
  <datafield tag="440" ind1="0" ind2="0">
   <subfield code="a">B.Sc (HONS) IN COMPUTER SCIENCE&#13;
AUGUST 2004</subfield>
  </datafield>
  <datafield tag="500" ind1="0" ind2="0">
   <subfield code="a">Dissertation submitted to Inti College Malaysia in partial fulfillment of the requirements for the Degree in Computer Science at Coventry University under the managment and supervision of School of Computing and Information Technology, INTI College Malaysia</subfield>
  </datafield>
  <datafield tag="650" ind1="0" ind2="0">
   <subfield code="a">Dissertations, academic -- </subfield>
   <subfield code="x">Computer systems </subfield>
  </datafield>
  <datafield tag="700" ind1="1" ind2="0">
   <subfield code="a">LO MELISA SUSILO </subfield>
  </datafield>
 </record>
</collection>
